000 00525nam a2200181Ia 4500
005 20250326125607.0
008 250326s9999 xx 000 0 und d
037 _aTextbook
040 _aFMSL
_beng
_cFMSL
041 _aeng
_2eng
084 _aX8.56'N67tu K7
_qFMSL
100 _aRobertson A
_9739356
245 0 _aPenguin survey business & industry 1967
_cRobertson A
260 _aEngland
_bEngland, Penguin Books
_c1967
300 _a180p
942 _cTB
_hX8.56'N67tu K7
999 _c1278729
_d1278729